000
00316nam a2200121Ia 4500
005
20251222155128.0
008
251222s9999||||xx |||||||||||||| ||spa||
082
_a
ADM.53.1-2
100
_a
DELGADO DE LA Flor
245
0
_a
La acreditación de las universidades peruanas origenes
264
_b
No tiene
942
_c
LIB
999
_c
38691
_d
38691